000 02275nam a2200445 a 4500
001 Z_5413
003 CHAP
005 20250619142452.0
007 ta
008 220113s2005 mx a frf 001 0 spa d
010 _a168483
020 _a968-24-0521-1
020 _a978-968-24-0521-1
040 _aZ
_cCHAP
_erda
041 0 _bEspañol
_fEspañol
082 _a636.213
_bL47 2005
_220
100 0 _aLesur, Luis
_eautor
_966363
245 _aManual del ganado bovino para carne :
_buna guía paso a paso /
_cLuis Lesur
250 _aPrimera edición
_b(reimpresión 2017)
264 1 _aMéxico, D. F. :
_bTrillas,
_c2005
300 _a80 páginas :
_bilustraciones
336 _2rdacontent
_atexto
_btxt
337 _2rdamedia
_asin medio
_bn
338 _2rdacarrier
_avolumen
_bnc
490 1 _aCómo hacer bien y fácilmente (Trillas)
500 _aej.1: C/E \ ej.2 - ej.3: S/N (sin sellos)
505 0 _aIntroducción -- 1. Razas de ganado de carne -- 2. Selección del pie de cría inicial -- 3. Mejoramiento del pie de cría existente -- 4. Reproducción -- 5. Alimentación -- 6. Salud -- 7. Manejo -- 8. Instalaciones.
520 _aLa producción de ganado bovino, también llamado vacuno para carne es una de los actividades ganaderas más importantes, porque esta carne tiene gran demanda en la mayoría de los países del mundo. Hay varios sistemas de producción comercial de ganado para carne; uno puede ser exclusivamente la cría de becerros y otro los ranchos de engorda, o bien los dos sistemas integrados. los conocimientos que se requieren para esta actividad son muy variados, y del adecuado domino de todos ellos depende el éxito que se obtenga. El presente manual describe, paso a paso, los elementos que usted requiere tomar en consideración para iniciar en la producción de carne con ganado bovino.
650 1 3 _aGanado de carne
_945067
650 1 3 _aGanado bovino
_9138033
650 1 3 _aProducción de ganado bovino
_9157758
650 _aGanado de carne
_xAlimentación
_945068
650 _aGanado de carne
_xReproducción
_945108
650 1 3 _aRazas de ganado
_9139924
830 0 _aCómo hacer bien y fácilmente (Trillas)
_9188883
901 _a636.213 L4
902 _aM
910 _a2005
942 _cLIBRO
_2ddc
999 _c168483
_d168483